| 000 | 00000nam 2200000zi 4500 |
| 001 | 9.905204 |
| 003 | CaOODSP |
| 005 | 20221107180750 |
| 006 | m o d f |
| 007 | cr cn||||||||| |
| 008 | 211122s1922 onca||| o f000 0 fre d |
| 040 | |aCaOODSP|bfre|erda|cCaOODSP |
| 043 | |an-cn--- |
| 086 | 1 |aA12-2/12-1922F-PDF |
| 100 | 1 |aAllen, Joel Asaph, |d1838-1921 |eauteur. |
| 245 | 12|aL'élevage du renard au Canada / |cpar J.A. Allen et J. Ennis Smith. |
| 264 | 1|aOttawa : |bMinistère de l'agriculture, |c1922. |
| 300 | |a1 ressource en ligne (42 pages) : |billustrations. |
| 336 | |atexte|btxt|2rdacontent/fre |
| 337 | |ainformatique|bc|2rdamedia/fre |
| 338 | |aressource en ligne|bcr|2rdacarrier/fre |
| 490 | 1 |aBulletin, nouvelle série ; |vno. 12 |
| 500 | |aÉdition numérisée de l'imprimé [par Agriculture et agroalimentaire Canada]. |
| 500 | |aPublié aussi en anglais sous le titre : Fox ranching in Canada. |
| 650 | 6|aRenards|xÉlevage|zCanada. |
| 710 | 1 |aCanada. |bMinistère de l'agriculture, |eorganisme de publication. |
| 775 | 08|tFox ranching in Canada |w(CaOODSP)9.816801 |
| 830 | #0|aBulletin (Canada. Ministerè de l'agriculture) |vnº 12. |w(CaOODSP)9.812393 |
| 856 | 40|qPDF|s18.55 Mo|uhttps://publications.gc.ca/collections/collection_2021/aac-aafc/A12-2-12-1922-fra.pdf |